000 00381nam a2200133Ia 4500
005 20260326100046.0
008 260326s9999||||xx |||||||||||||| ||und||
100 _aSmith W., Alan
245 0 _aLa Comunidad en el Desarrollo Nacional :
_b Célula fundamental y estratégica /
_cAlan Smith W.
260 _bUniversal Books
300 _a90 p.
650 _aLATINOAMÉRICA
942 _cBK
999 _c7181
_d7181